| 000 | nam a22 a 4500 | ||
|---|---|---|---|
| 999 |
_c407241 _d407241 |
||
| 003 | BLK | ||
| 005 | 20211101115233.0 | ||
| 008 | 180408b bul|||||r ||||||| ||bul|| | ||
| 040 | _aBLK | ||
| 041 |
_aRUS _cRUS |
||
| 080 |
_aВъзпитание на деца с увредени сетива и нервна система (слепи, глухонеми, епилептици). Логопедия _b376.3 _x(075.8) _z376.3(075.8) |
||
| 100 |
_aХватцев, Михаил Ефимович _eпърви автор _9447484 |
||
| 139 | _aХватцев, Михаил Ефимович | ||
| 245 | 1 | 0 |
_aЛогопедия _bПособие для студентов педагогич. инст. и учителей спец. школ _cМихаил Ефимович Хватцев; предисл. Михаил Ефимович Хватцев |
| 250 | _a4. изд. | ||
| 257 | _aSUN | ||
| 260 |
_bУзнедгиз Государственное учебно-педагогическое издательство министерства просвещения РСФСР _c1951 _9403980 _aМосква |
||
| 300 |
_a436 с. _c23 см _bс ил. |
||
| 380 | _a3 | ||
| 500 | _aБел. и библиогр. под линия | ||
| 650 | 4 |
_aЛогопедия - учебници за ВУЗ _9247019 |
|
| 653 | _aлогопедия | ||
| 700 |
_91264 _aХватцев, Михаил Ефимович _eпредисл. |
||
| 852 |
_aЦб 4.225.50208 _bЦб |
||
| 942 |
_cKNG _n0 _s1 |
||
| 944 |
_aCR _c2021-04-09 _kСТ |
||
| 999 | _d407241 | ||